<?xml version='1.0' encoding='UTF-8'?><?xml-stylesheet href='static/style.xsl' type='text/xsl'?><OAI-PMH xmlns="http://www.openarchives.org/OAI/2.0/" xmlns:xsi="http://www.w3.org/2001/XMLSchema-instance" xsi:schemaLocation="http://www.openarchives.org/OAI/2.0/ http://www.openarchives.org/OAI/2.0/OAI-PMH.xsd"><responseDate>2026-05-01T08:28:52Z</responseDate><request verb="GetRecord" identifier="oai:ebiltegia.mondragon.edu:20.500.11984/5012" metadataPrefix="marc">https://ebiltegia.mondragon.edu/oai/request</request><GetRecord><record><header><identifier>oai:ebiltegia.mondragon.edu:20.500.11984/5012</identifier><datestamp>2024-01-04T21:57:03Z</datestamp><setSpec>com_20.500.11984_1736</setSpec><setSpec>com_20.500.11984_1627</setSpec><setSpec>col_20.500.11984_1972</setSpec></header><metadata><record xmlns="http://www.loc.gov/MARC21/slim" xmlns:dcterms="http://purl.org/dc/terms/" xmlns:xsi="http://www.w3.org/2001/XMLSchema-instance" xmlns:doc="http://www.lyncode.com/xoai" xsi:schemaLocation="http://www.loc.gov/MARC21/slim http://www.loc.gov/standards/marcxml/schema/MARC21slim.xsd">
   <leader>00925njm 22002777a 4500</leader>
   <datafield ind2=" " ind1=" " tag="042">
      <subfield code="a">dc</subfield>
   </datafield>
   <datafield ind2=" " ind1=" " tag="720">
      <subfield code="a">Mondragon Unibertsitatea</subfield>
      <subfield code="e">author</subfield>
   </datafield>
   <datafield ind2=" " ind1=" " tag="260">
      <subfield code="c">2017-06-30</subfield>
   </datafield>
   <datafield ind2=" " ind1=" " tag="520">
      <subfield code="a">Hala nola: LEINN-erako talde ekintzaileen entrenatzaileak, aholkulariak eta adituak.</subfield>
   </datafield>
   <datafield ind2=" " ind1=" " tag="520">
      <subfield code="a">Tales como: Entrenadores/as de equipos emprendedores para LEINN, mentores/as y expertos/as.</subfield>
   </datafield>
   <datafield ind1="8" ind2=" " tag="024">
      <subfield code="a">https://hdl.handle.net/20.500.11984/5012</subfield>
   </datafield>
   <datafield tag="653" ind2=" " ind1=" ">
      <subfield code="a">Enpresagintza Fakultatea</subfield>
   </datafield>
   <datafield tag="653" ind2=" " ind1=" ">
      <subfield code="a">Facultad de Empresariales</subfield>
   </datafield>
   <datafield ind2="0" ind1="0" tag="245">
      <subfield code="a">Zure zaletasunen artean, heziketa, ekintzailetza eta munduan zehar bidaiatzea daude? MONDRAGON TEAM ACADEMY-n, esparru ezberdinetan lan egiteko prest dauden pertsonen bila ari gara.</subfield>
   </datafield>
   <datafield ind2="0" ind1="0" tag="245">
      <subfield code="a">¿Te apasiona la educación, el emprendimiento y viajar por el mundo? En MONDRAGON TEAM ACADEMY buscamos PERSONAS para colaborar en diferentes ámbitos.</subfield>
   </datafield>
</record></metadata></record></GetRecord></OAI-PMH>